| 000 | 07264namaa22004331i 4500 | ||
|---|---|---|---|
| 003 | OSt | ||
| 005 | 20260418145353.0 | ||
| 008 | 250827s2025 ua a|||frm||| 000 0 eng d | ||
| 040 |
_aEG-GICUC _bara _cEG-GICUC _dEG-GICUC _erda |
||
| 041 | 0 |
_aara _bara _beng |
|
| 049 | _aإيداع | ||
| 082 | 0 | 4 | _a070.594 |
| 092 |
_a070.594 _221 |
||
| 097 | _aمــــاجستير | ||
| 099 | _aCai01.02.07.M.A.2025.بس.م | ||
| 100 | 0 |
_a،بسنت علي عبده مرجان _eإعداد. |
|
| 245 | 1 | 0 |
_aمواقع بيع الكتب العربية على الويب : _bدراسة تخطيطية لبناء بوابة لبيع الكتب المتاحة في السوق المصرية / _cإعداد بسنت علي عبده مرجان؛ إشراف أ. د. / شريف كامل شاهين، د. / إهداء صلاح ناجي. |
| 246 | 1 | 5 |
_aArabic bookstores websites on the web : _bA planning study for building a bookstore portal for books in egyptian market / |
| 264 | 0 | _c2025. | |
| 300 |
_a179 صفحة : _bإيضاحيات ؛ _c25 سم. + _eCD. |
||
| 336 |
_atext _2rda content |
||
| 337 |
_aUnmediated _2rdamedia |
||
| 338 |
_avolume _2rdacarrier |
||
| 502 | _aأطروحة (ماجستير)-جامعة القاهرة، 2025. | ||
| 504 | _aببليوجرافيا: صفحات 158-165. | ||
| 520 | _aتتسم صناعة النشر بتغيرات كبيرة بسبب التحول الرقمي، حيث تزايد الاعتماد على الإنترنت كقناة رئيسية لبيع وتوزيع الكتب. وأصبحت بوابات بيع الكتب أحد الأركان الأساسية في قطاع النشر والتوزيع، إذ تمثل وسيلة هامة للناشرين لعرض منتجاتهم بشكل واسع، وللقراء للوصول إلى مجموعات واسعة من الكتب بطريقة مريحة وفعّالة. وفي هذا السياق، تهدف هذه الدراسة إلى تقييم بوابات بيع الكتب على الإنترنت التابعة للاتحادات والجمعيات الوطنية، وذلك لإعداد خطة لبناء بوابة إلكترونية لبيع الكتب المتاحة في السوق المصرية تابعة لاتحاد الناشرين المصريين؛ لتلبية الاحتياجات والخدمات المعلوماتية المتزايدة للمجتمع، وذلك نظرًا لعدم وجود موقع شامل لبيع الإنتاج الفكري المصري على الإنترنت. ومن أجل تحقيق هذا الهدف، تم استخدام المنهج المسحي لحصر وتقييم بوابات بيع الكتب التابعة للاتحادات والجمعيات الوطنية على الإنترنت، كما تم الاستعانة بمجموعة من الأدوات لجمع البيانات، من أهمها: قائمة المراجعة التي تشمل أهم عناصر تحليل بوابات بيع الكتب، بالإضافة إلى الملاحظة لمتابعة وتصفح هذه بوابات. توصلت الدراسة إلى مجموعة من النتائج، أهمها: غياب الاتحادات والجمعيات العربية عن التوجه لإنشاء بوابات بيع الكتب خاصة بمنتسبي الاتحاد، وقلة هذه البوابات على المستوى العالمي حيث تم العثور على 6 بوابات فقط، كما تبين عدم وجود معايير ثابتة ومحددة ومتفق عليها لتقييم بوابات بيع الكتب. وفيما يتعلق بمعايير التقييم، جاء معيار التصفح في المرتبة الأولى، ومن بين البوابات محل الدراسة، جاءت بوابة Biblio كأفضل بوابة في تطبيق معايير واجهة الاستخدام والتصفح والمحتوى، بينما جاءت بوابة ASE في المرتبة الأقل في تطبيق المعايير. وأخيرًا، تم وضع مقترح شامل لإنشاء بوابة لبيع الكتب في السوق المصرية تابعة لاتحاد الناشرين المصريين، بناءً على النتائج المستخلصة من الدراسة. | ||
| 520 | _aThe publishing industry is experiencing significant changes due to the digital transformation, with an increasing reliance on the internet as a primary channel for selling and distributing books. Bookstore portals have become a crucial component in the publishing and distribution sector, offering publishers a vital means to showcase their products broadly and providing readers with convenient and effective access to a wide range of books.In this context, The aim of this study is to evaluate the bookstore portals of publishers’ federations and national associations, in order to create a plan for establishing a portal for selling books available in the Egyptian market affiliate with the Egyptian Publishers’ Association to meet the community’s growing information needs, as there is currently no comprehensive site for selling the Egyptian intellectual production.To achieve this goal, the study utilized a survey methodology to identify and evaluate bookstore portals affiliated with national federations and associations on the internet. A set of tools was used to collect data, including a checklist that covers elements for analyzing bookstore portals and observation to review and browse these portals. The study reached several conclusions, the most important of which are: the absence of Arab federations and associations engaging in the creation of bookstore portals specifically for their members, the scarcity of bookstore portals affiliated with global publishers' federations and associations, with only 6 such portals identified, and the absence of fixed, agreed-upon criteria for evaluating bookstore portals. Among the evaluation criteria, the browsing ranked first. Among the portals studied Biblio portal was found to be the best in applying usability, browsing, and content standards, while ASE portal was ranked the lowest in terms of meeting these criteria. Finally, a comprehensive proposal was developed to establish a bookstore portal in the Egyptian market under the Egyptian Publishers Association, based on the study's findings. | ||
| 530 | _aصدر أيضًا كقرص مدمج. | ||
| 546 | _aالنص بالعربية والملخص باللغة الإنجليزية والعربية. | ||
| 650 | 7 |
_aمؤسسات النشر _2qrmak |
|
| 650 | 7 |
_aالكتب _xتسويق |
|
| 653 | 0 |
_aاتحاد _aبوابة إلكترونية _aالتجارة الإلكترونية |
|
| 700 | 0 |
_aشريف كامل شاهين _eمشرف أطروحة. |
|
| 700 | 0 |
_aإهداء صلاح ناجي _eمشرف أطروحة. |
|
| 900 |
_b08-04-2025 _cشريف كامل شاهين _cإهداء صلاح ناجي _dأسامة أحمد جمال القلش _dجورج نوبار سيمونيان _Uجامعة القاهرة _Fكلية الآداب _Dقسم المكتبات والوثائق والمعلومات |
||
| 905 |
_aSara _eAfaf |
||
| 942 |
_2ddc _cTH _e21 _n0 |
||
| 999 | _c179463 | ||